Danh mục và thuế suất đối với hàng hóa xuất - nhập khẩu 2010 - 2011
Nội dung sách gồm ba phần: phần một hướng dẫn sử dụng biểu thuế xuất khẩu, nhập khẩu tổng hợp và thuế giá trị gia tăng hàng nhập khẩu; phần hai biểu thuế xuất khẩu, nhập khẩu tổng hợp, thuế giá trị gia tăng hàng nhập khẩu; và...
Tallennettuna:
| Aineistotyyppi: | Kirja |
|---|---|
| Kieli: | Undetermined |
| Julkaistu: |
Hà Nội
Hồng Đức
2010
|
| Aiheet: | |
| Tagit: |
Lisää tagi
Ei tageja, Lisää ensimmäinen tagi!
|
| Thư viện lưu trữ: | Trung tâm Học liệu Trường Đại học Cần Thơ |
|---|
| LEADER | 01161nam a2200193Ia 4500 | ||
|---|---|---|---|
| 001 | CTU_160656 | ||
| 008 | 210402s9999 xx 000 0 und d | ||
| 020 | |c 395000 | ||
| 082 | |a 336.266009597 | ||
| 082 | |b D107 | ||
| 245 | 0 | |a Danh mục và thuế suất đối với hàng hóa xuất - nhập khẩu 2010 - 2011 | |
| 245 | 0 | |c Nguyễn Thị Quỳnh (sưu tầm, biên soạn) | |
| 260 | |a Hà Nội | ||
| 260 | |b Hồng Đức | ||
| 260 | |c 2010 | ||
| 520 | |a Nội dung sách gồm ba phần: phần một hướng dẫn sử dụng biểu thuế xuất khẩu, nhập khẩu tổng hợp và thuế giá trị gia tăng hàng nhập khẩu; phần hai biểu thuế xuất khẩu, nhập khẩu tổng hợp, thuế giá trị gia tăng hàng nhập khẩu; và phần hướng dẫn thực hiện luật thuế xuất khẩu, thuế nhập khẩu và một số thủ tục hải quan. | ||
| 650 | |a Taxation,Thuế | ||
| 904 | |i Bé Ba, Bạch Trúc, Thy | ||
| 980 | |a Trung tâm Học liệu Trường Đại học Cần Thơ | ||